000 01120nam a22002537a 4500
003 OSt
005 20251027184158.0
008 240205b ||||| |||| 00| 0 eng d
040 _c0
082 _aDPer 621.317 Ie21 January 2022 v. 37 n. 1
100 _aKavimandan, Utkarsh D.
_eauthor.
_951391
245 _aThe impact of inverter dead-time in single-phase wireless power transfer systems /
_cUtkarsh D. Kavimandan, Veda Prakash Galigekere, Burak Ozpineci, Omar Onzar, and Satish M. Mahajan.
260 _aNew York ;
_bThe Institute of Electrical and Electronics Engineers, Inc. ,
_cJanuary 2022.
300 _aVolume 37, pages 1074-1089 :
_billustration ;
_c28 cm.
500 _aIEEE Transactions on Power Electronics, v. 37 n. 1, pages 1074-1089, January 2022.
650 _aElectronics.
_957265
650 _aElectric power.
_957017
700 _aKavimandan, Utkarsh D.
_eauthor.
_951391
700 _aGaligekere, Veda Prakash.
_eauthor.
_951392
700 _aOzpineci, Burak.
_eauthor.
_951393
700 _aOnzar, Omar.
_eauthor.
_951394
700 _aMahajan, Satish M.
_eauthor.
_951395
942 _2ddc
_cPER
999 _c18914
_d18914